000 00260nam a22001217a 4500
082 _a823
_bUNK/A
100 _aUNKNOWN
245 _aALLIED RHYMES - II
260 _aMUMBAI
_bALLIED PUBLISHERS LTD
300 _a48
650 _aENGLISH STORY
_zINDIA
942 _cBK
999 _c7564
_d7564